000 01098nam a2200217Ia 4500
999 _c36756
_d36756
001 2694
003 GE_BSU
005 20260327134844.0
008 181216s1993||||ge |||||||||||||| ||geo||
040 _cGE_BSU
041 _ageo
080 _a839.1 ჭ–449
100 _aჭითანავა, ნ.ა.
_927224
245 _aსაბაზრო ეკონომიკა და აგროსამრეწველო კომპლექსის განვითარების პრობლემები
_cნოდარ ჭითანავა; საქ. რესპ. სოფლის მეურნეობის სამინისტრო.
264 _aთბილისი :
_bსაქართველო,
_c1993.
300 _a225 გვ.;
_b20 სმ.
541 _h7 ლ.
653 _aაგროპსამრეწველო კომპლექსის განვითარების პრობლემები
653 _aაგროსამრეწველო კომპლექსები
942 _cBK
_2udc